Der Moraltheologe Ferdinand Probst, 1816 - 1899: eine Studie zur Geschichte der Moraltheologie im Übergang von der Romantik zur Neuscholastik
| Main Author: | |
|---|---|
| Format: | Print Book |
| Language: | German |
| Subito Delivery Service: | Order now. |
| Check availability: | HBZ Gateway |
| WorldCat: | WorldCat |
| Interlibrary Loan: | Interlibrary Loan for the Fachinformationsdienste (Specialized Information Services in Germany) |
| Published: |
Düsseldorf
Patmos-Verlag
1978
|
| In: |
Moraltheologische Studien / Historische Abteilung (4)
Year: 1978 |
| Series/Journal: | Moraltheologische Studien / Historische Abteilung
4 |
| Standardized Subjects / Keyword chains: | B
Probst, Ferdinand 1816-1899
/ Moral theology
/ History 1800-1900
B Probst, Ferdinand 1816-1899 |
| Further subjects: | B
Theology
B ethical argumentation B Probst, Ferdinand (1816-1899) B Romantic movement B Ethics / Sittenlehre B Ethische Argumentation B Probst, Ferdinand B Romance B Literaturverzeichnis / Bibliographie B Theological ethics B Ethik <Theol.> B Thesis B Ethics B Bibliography |
MARC
| LEADER | 00000cam a2200000 c 4500 | ||
|---|---|---|---|
| 001 | 020287402 | ||
| 003 | DE-627 | ||
| 005 | 20260414140924.0 | ||
| 007 | tu | ||
| 008 | 920101s1978 gw ||||| m 00| ||ger c | ||
| 015 | |a 78,N38,0018 |2 dnb | ||
| 015 | |a 79,A29,0038 |2 dnb | ||
| 016 | 7 | |a 790285436 |2 DE-101 | |
| 020 | |a 3491784433 |9 3-491-78443-3 | ||
| 035 | |a (DE-627)020287402 | ||
| 035 | |a (DE-603)061268089 | ||
| 035 | |a (DE-576)04170097X | ||
| 035 | |a (DE-599)GBV020287402 | ||
| 035 | |a (OCoLC)1370442612 | ||
| 035 | |a (OCoLC)04775623 | ||
| 035 | |a (OCoLC)464595387 | ||
| 040 | |a DE-627 |b ger |c DE-627 |e rakwb | ||
| 041 | |a ger | ||
| 044 | |c XA-DE | ||
| 082 | 0 | |a 171.108 |q OCLC | |
| 084 | |a 02a |2 sdnb | ||
| 084 | |a 1 |2 ssgn | ||
| 084 | |a BK 1250 |2 rvk |0 (DE-625)rvk/11803: | ||
| 084 | |a BK 1510 |2 rvk |0 (DE-625)rvk/11826: | ||
| 084 | |a BK 1950 |2 rvk |0 (DE-625)rvk/11842: | ||
| 100 | 1 | |0 (DE-588)1022363433 |0 (DE-627)716960591 |0 (DE-576)162697686 |4 aut |a Reiter, Johannes |d 1944-2020 | |
| 109 | |a Reiter, Johannes 1944-2020 | ||
| 245 | 1 | 4 | |a Der Moraltheologe Ferdinand Probst, 1816 - 1899 |b eine Studie zur Geschichte der Moraltheologie im Übergang von der Romantik zur Neuscholastik |c Johannes Reiter |
| 264 | 1 | |a Düsseldorf |b Patmos-Verlag |c 1978 | |
| 300 | |a 270 S. | ||
| 336 | |a Text |b txt |2 rdacontent | ||
| 337 | |a ohne Hilfsmittel zu benutzen |b n |2 rdamedia | ||
| 338 | |a Band |b nc |2 rdacarrier | ||
| 490 | 1 | |a Moraltheologische Studien |a Historische Abteilung |v 4 | |
| 502 | |a Zugl.: Trier, Univ., Diss., 1977 | ||
| 583 | 1 | |a Archivierung/Langzeitarchivierung gewährleistet |f SSG |x XA-DE-BW |2 pdager |5 DE-21 | |
| 583 | 1 | |a Archivierung prüfen |c 20240324 |f DE-4165 |z 2 |2 pdager | |
| 600 | 1 | 7 | |0 (DE-588)118596640 |0 (DE-627)079389139 |0 (DE-576)162619456 |a Probst, Ferdinand |d 1816-1899 |2 gnd |
| 601 | |a Moraltheologie | ||
| 601 | |a Geschichte | ||
| 601 | |a Neuscholastik | ||
| 650 | 0 | 7 | |0 (DE-588)4078249-9 |0 (DE-627)106077953 |0 (DE-576)209207957 |a Theologische Ethik |2 gnd |
| 650 | 4 | |a Ethik/Sittenlehre | |
| 650 | 4 | |a Theologie | |
| 650 | 4 | |a Ethische Argumentation | |
| 650 | 4 | |a Romantik | |
| 650 | 4 | |a Literaturverzeichnis/Bibliographie | |
| 650 | 4 | |a Ethics | |
| 650 | 4 | |a Theology | |
| 650 | 4 | |a ethical argumentation | |
| 650 | 4 | |a Romantic movement | |
| 650 | 4 | |a Bibliography | |
| 650 | 4 | |a Probst, Ferdinand | |
| 650 | 4 | |a Ethik <Theol.> | |
| 655 | 7 | |a Hochschulschrift |0 (DE-588)4113937-9 |0 (DE-627)105825778 |0 (DE-576)209480580 |2 gnd-content | |
| 689 | 0 | 0 | |d p |0 (DE-588)118596640 |0 (DE-627)079389139 |0 (DE-576)162619456 |2 gnd |a Probst, Ferdinand |d 1816-1899 |
| 689 | 0 | 1 | |d s |0 (DE-588)4074972-1 |0 (DE-627)106087797 |0 (DE-576)209195916 |2 gnd |a Moraltheologie |
| 689 | 0 | 2 | |q z |2 gnd |a Geschichte 1800-1900 |
| 689 | 0 | |5 (DE-627) | |
| 689 | 1 | 0 | |d p |0 (DE-588)118596640 |0 (DE-627)079389139 |0 (DE-576)162619456 |2 gnd |a Probst, Ferdinand |d 1816-1899 |
| 689 | 1 | |5 (DE-627) | |
| 751 | |a Trier |0 (DE-588)4060877-3 |0 (DE-627)106138014 |0 (DE-576)209137053 |4 uvp | ||
| 830 | 0 | |a Moraltheologische Studien / Historische Abteilung |v 4 |9 4 |w (DE-627)12940361X |w (DE-576)004725999 |w (DE-600)186994-2 |7 am | |
| 889 | |w (DE-627)011147903 | ||
| 935 | |a mteo | ||
| 935 | |i mdedup | ||
| 936 | r | v | |a BK 1250 |b Quellen und vor 1900 erschienene Gesamtdarstellungen |k Theologie und Religionswissenschaften |k Theologische Ethik/Moraltheologie |k Gesamtdarstellungen |k Quellen und vor 1900 erschienene Gesamtdarstellungen |0 (DE-627)1270724657 |0 (DE-625)rvk/11803: |0 (DE-576)200724657 |
| 936 | r | v | |a BK 1510 |b Geschichte der Moraltheologie/Theologischen Ethik |k Theologie und Religionswissenschaften |k Theologische Ethik/Moraltheologie |k Einführung in die Moraltheologie/Theologische Ethik |k Geschichte der Moraltheologie/Theologischen Ethik |0 (DE-627)1270724762 |0 (DE-625)rvk/11826: |0 (DE-576)200724762 |
| 936 | r | v | |a BK 1950 |b Schriftenreihen |k Theologie und Religionswissenschaften |k Theologische Ethik/Moraltheologie |k Sammelwerke |k Schriftenreihen |0 (DE-627)1270724886 |0 (DE-625)rvk/11842: |0 (DE-576)200724886 |
| 936 | s | n | |a b100 |2 mzub |
| 951 | |a BO | ||
| ELC | |b 1 | ||
| ITA | |a 1 |t 1 | ||
| LOK | |0 000 xxxxxcx a22 zn 4500 | ||
| LOK | |0 001 3271489629 | ||
| LOK | |0 003 DE-627 | ||
| LOK | |0 004 020287402 | ||
| LOK | |0 005 19970218000000 | ||
| LOK | |0 008 970218||||||||||||||||ger||||||| | ||
| LOK | |0 040 |a DE-21 |c DE-627 |d DE-21 | ||
| LOK | |0 852 |a DE-21 | ||
| LOK | |0 852 1 |c 19 A 16078 |9 00 | ||
| LOK | |0 935 |a kram |a konv | ||
| LOK | |0 939 |a 1997-02-18 |b l01 | ||
| LOK | |0 000 xxxxxcx a22 zn 4500 | ||
| LOK | |0 001 3271489742 | ||
| LOK | |0 003 DE-627 | ||
| LOK | |0 004 020287402 | ||
| LOK | |0 005 20100408162202 | ||
| LOK | |0 008 950320||||||||||||||||ger||||||| | ||
| LOK | |0 040 |a DE-21-35 |c DE-627 |d DE-21-35 | ||
| LOK | |0 541 |e 1978/58532 | ||
| LOK | |0 852 |a DE-21-35 | ||
| LOK | |0 852 1 |c Me 4.731 |m p |9 00 | ||
| LOK | |0 938 |k p | ||
| LOK | |0 939 |a 1995-03-20 |b l01 | ||
| ORI | |a TA-MARC-ixtheoa001.raw | ||
| REL | |a 1 | ||
| STA | 0 | 0 | |a Moral theology,Catholic ethics,Ethics,Christian ethics,Romance,Romantic period,Theological ethics,Protestant ethics,Ethics,Theology,Theology |
| STB | 0 | 0 | |a Romantisme,Romantisme,Théologie morale,Théologie morale,Théologie,Théologie,Éthique théologique,Théologie morale |
| STC | 0 | 0 | |a Romanticismo,Romanticismo,Teología moral,Teología,Teología,Ética teológica |
| STD | 0 | 0 | |a Etica teologica,Romanticismo,Romanticismo,Teologia morale,Teologia,Teologia |
| STE | 0 | 0 | |a 浪漫主义,浪漫派,神学伦理,神学家,道德神学,伦理神学 |
| STF | 0 | 0 | |a 浪漫主義,浪漫派,神學倫理,神學家,道德神學,倫理神學 |
| STG | 0 | 0 | |a Romanticismo,Romanticismo,Teologia moral,Teologia,Teologia,Ética teológica |
| STH | 0 | 0 | |a Богословие (мотив),Богословие,Богословская этика,Моральное богословие,Романтизм (мотив),Романтизм |
| STI | 0 | 0 | |a Ηθική θεολογία,Θεολογία (μοτίβο),Θεολογία,Θεολογική ηθική,Ρομαντισμός (μοτίβο),Ρομαντισμός |
| SUB | |a REL | ||
| SYE | 0 | 0 | |a Evangelische Ethik,Evangelische Moraltheologie,Evangelisch-theologische Ethik , Christliche Theologie , Frühromantik,Spätromantik , The Ethics |
| SYG | 0 | 0 | |a Katholische Ethik,Katholische Moraltheologie,Katholische Sittenlehre,Katholisch-Theologische Ethik |
| TIM | |a 100018000101_100019001231 |b Geschichte 1800-1900 | ||



